00221nam a2200097Ia 4500008004100000100002100041245001500062260002200077942000700099999001700106190216s9999||||xx |||||||||||||| ||und|| aShankaran Nair N 0aBhouthikam bKerala Basha Inst cBK c38243d38243